Statistiques concernant Nommez ces joueurs de volleyball

Cliquez ici pour prendre le quiz!

Statistiques générales

  • Ce quiz a été pris 124 fois
  • Le résultat moyen est 4 sur 12

Statistiques - réponses

Réponse% Correct
Earvin Ngapeth
90%
Jenia Grebennikov
83%
Wilfredo Leon
76%
Antoine Brizard
62%
Osmany Juantorena
20%
Giba
9%
Maxim Mikhaylov
8%
Sergio Santos
3%
Ivan Miljkovic
2%
Karch Kiraly
2%
Lorenzo Bernardi
1%
Sergey Tetyukhin
0%

Distribution des résultats

Percentile par nombre de réponses

% des personnes avec chaque résultat

Votre développement - résultats

Vous n’avez pas pris ce quiz